000 00413nam a22001697a 4500
003 IT-RoPau
005 20220918181107.0
008 130605b xxu||||| |||| 00| 0 eng d
040 _cIT-RoPau
100 _aFiglie di San Paolo
_9657
245 _aRegina Apostolorum 1972
250 _a1° ed.
260 _aRoma
_bFSP
_c1972
300 _c30 cm
500 _aAgosto/Settembre/Ottobre 1972.
942 _2ddc
_cCR
999 _c98695
_d98695